| 000 | 00000nam##2200000za#4500 |
| 001 | 9.542882 |
| 003 | CaOODSP |
| 005 | 20210615090253 |
| 007 | ta |
| 008 | 150406|2006||||xxc||||| f|0| 0 eng|d |
| 020 | |a0-662-49150-5 |
| 022 | |a1203-8903 |
| 040 | |aCaOODSP|beng |
| 041 | |aeng |
| 041 | |afre |
| 043 | |an-cn--- |
| 086 | 1 |aCH3-2/12-2006 |
| 110 | 1 |aCanada.|bCanadian Heritage. |bOfficial Languages Support Programs. |
| 245 | 14|aThe Canadian Heritage approach to official languages support (1970-2003) |
| 260 | |bCanadian Heritage. |c2006. |
| 300 | |aEnglish text, 66, [1]p. : |bgraphs, map, tables ; |c23 cm. |
| 490 | 1 |aNew Canadian perspectives |x1203-8903 |
| 504 | |aBibliography. |
| 520 | 3 |aThis multidisciplinary research series offers current information and many reference sources on all aspects of official languages in Canada. |
| 563 | |aSoftcover |
| 590 | |a06-44|b2006-11-03 |
| 690 | 07|aOfficial languages promotion|2gcpds |
| 776 | 0#|tThe Canadian Heritage approach to official languages support (1970-2003) |w(CaOODSP)9.560471 |
| 776 | 0#|tAppui aux langues officielles : |w(CaOODSP)9.593146 |
| 792 | |tAppui aux langues officielles - approche du Ministère du patrimoine canadien (1970-2003) |efre|w(CaOODSP)9.542883 |
| 830 | #0|aNew Canadian perspectives,|x1203-8903|w(CaOODSP)9.509086 |